<?xml version="1.0" encoding="UTF-8"?><marc:collection xmlns:marc="http://www.loc.gov/MARC21/slim">
  <marc:record>
    <marc:leader>00000nam  2200000za 4500</marc:leader>
    <marc:controlfield tag="001">9.683415</marc:controlfield>
    <marc:controlfield tag="003">CaOODSP</marc:controlfield>
    <marc:controlfield tag="005">20250103094405</marc:controlfield>
    <marc:controlfield tag="007">ta</marc:controlfield>
    <marc:controlfield tag="008">150407|2007||||xxc|||||     f|0| 0 fre d</marc:controlfield>
    <marc:datafield tag="020" ind1=" " ind2=" ">
      <marc:subfield code="a">978-0-660-97204-6</marc:subfield>
    </marc:datafield>
    <marc:datafield tag="040" ind1=" " ind2=" ">
      <marc:subfield code="a">CaOODSP</marc:subfield>
      <marc:subfield code="b">fre</marc:subfield>
    </marc:datafield>
    <marc:datafield tag="043" ind1=" " ind2=" ">
      <marc:subfield code="a">n-cn---</marc:subfield>
    </marc:datafield>
    <marc:datafield tag="086" ind1="1" ind2=" ">
      <marc:subfield code="a">R62-389/2007F</marc:subfield>
    </marc:datafield>
    <marc:datafield tag="110" ind1="2" ind2=" ">
      <marc:subfield code="a">Parcs Canada.</marc:subfield>
    </marc:datafield>
    <marc:datafield tag="245" ind1="1" ind2="0">
      <marc:subfield code="a">L'archéologie subaquatique de Red Bay : </marc:subfield>
      <marc:subfield code="b">la construction navale et la pêche de la baleine Basques au XVIe siècle / </marc:subfield>
      <marc:subfield code="c">Éditeurs, Robert Grenier, Marc-André Bernier, Willis Stevens.  </marc:subfield>
    </marc:datafield>
    <marc:datafield tag="260" ind1=" " ind2=" ">
      <marc:subfield code="a">Ottawa - Ontario : </marc:subfield>
      <marc:subfield code="b">Parcs Canada </marc:subfield>
      <marc:subfield code="c">2007.</marc:subfield>
    </marc:datafield>
    <marc:datafield tag="300" ind1=" " ind2=" ">
      <marc:subfield code="a">xxvi, 270p.; x, 258p.; x, 344p.; x, 417p.; x, 295p. : </marc:subfield>
      <marc:subfield code="b">cartes marines, plaques en couleur, glossaire, ill. (certaines en couleur), cartes, tableaux, photographies ; </marc:subfield>
      <marc:subfield code="c">31 cm. + </marc:subfield>
      <marc:subfield code="e">Feuilles pliées des figures grand format dans la pochette à l'intérieur du plat verso des v. 1 et v. 3.</marc:subfield>
    </marc:datafield>
    <marc:datafield tag="500" ind1=" " ind2=" ">
      <marc:subfield code="a">Sommaire complet: v. 1. L'archéologie subaquatique: le projet -- v. 2. La culture matérielle -- v. 3. La caréne du mavire 24M -- v. 4. La gréement, l'utilisation du navire et les études connexes -- v. 5. Annexes, glossaire et bibliographie.</marc:subfield>
    </marc:datafield>
    <marc:datafield tag="504" ind1=" " ind2=" ">
      <marc:subfield code="a">Bibliographie.</marc:subfield>
    </marc:datafield>
    <marc:datafield tag="520" ind1="3" ind2=" ">
      <marc:subfield code="a">En1978, des archéologues subaquatiques de Parc Canada découvrirent l’épave d’un baleinier basque du XVIe siècle à Red Bay, au Labrador, que l’on croit être le San Juan (1565). Cette publication en cinq volumes est le fruit de plus de 25 années de recherches par des chercheurs associés et des membres du Service d’archéologie subaquatique de Parcs Canada. Elle présente l’archéologie subaquatique tell que pratiquée à Red Bay, de même que des études sur la construction navale au XVIe siècle, la pêche de la baleine et la culture matérielle.</marc:subfield>
    </marc:datafield>
    <marc:datafield tag="563" ind1=" " ind2=" ">
      <marc:subfield code="a">Couverture rigide</marc:subfield>
    </marc:datafield>
    <marc:datafield tag="590" ind1=" " ind2=" ">
      <marc:subfield code="a">08-15</marc:subfield>
      <marc:subfield code="b">2008-04-11</marc:subfield>
    </marc:datafield>
    <marc:datafield tag="691" ind1="0" ind2="7">
      <marc:subfield code="a">Construction navale</marc:subfield>
      <marc:subfield code="2">gcpds</marc:subfield>
    </marc:datafield>
    <marc:datafield tag="691" ind1="0" ind2="7">
      <marc:subfield code="a">Archéologie</marc:subfield>
      <marc:subfield code="2">gcpds</marc:subfield>
    </marc:datafield>
    <marc:datafield tag="691" ind1="0" ind2="7">
      <marc:subfield code="a">Chasse à la baleine</marc:subfield>
      <marc:subfield code="2">gcpds</marc:subfield>
    </marc:datafield>
    <marc:datafield tag="775" ind1="0" ind2="8">
      <marc:subfield code="t">The underwater archaeology of Red Bay : </marc:subfield>
      <marc:subfield code="w">(CaOODSP)9.650299</marc:subfield>
    </marc:datafield>
    <marc:datafield tag="776" ind1="0" ind2="#">
      <marc:subfield code="t">L'archéologie subaquatique de Red Bay : </marc:subfield>
      <marc:subfield code="w">(CaOODSP)9.946498</marc:subfield>
    </marc:datafield>
  </marc:record>
</marc:collection>
